| 000 | 01494nam0a2200349 i 4500 | ||
|---|---|---|---|
| 001 | RU\NLR\BIBL_A\010741175 | ||
| 005 | 20240921212909.0 | ||
| 010 |
_a9785917685717 _bНорма |
||
| 010 |
_a978-5-16-010508-6 _bИнфра-М _9500 |
||
| 021 |
_aRU _b2015-19949 _91191 |
||
| 035 | _a(NILC)RuMoRGB-007891523 | ||
| 035 | _a(NLR Aleph) 010741175 | ||
| 090 |
_a9903984 _c9903984 |
||
| 100 | _a20150429d2015 k y0rusy50 ca | ||
| 101 | 0 | _arus | |
| 102 | _aRU | ||
| 105 | _ay|||z||||00yy | ||
| 200 | 1 |
_aСобирание доказательств по уголовному делу: проблемы законодательства, теории и практики _fС. А. Шейфер |
|
| 210 |
_aМосква _cНорма _cИнфра-М _d2015 |
||
| 215 |
_a110, [1] с. _d21 |
||
| 300 | _aНа 4-й с. обл. авт.: С. А. Шейфер, засл. юрист Рос. Федерации, д.ю.н., почет. проф. Самар. гос. ун-та | ||
| 320 | _aБиблиогр. в подстроч. примеч. | ||
| 606 | 1 |
_aДоказывание в уголовном процессе _yРоссийская Федерация _92078565 _3RU\NLR\AUTH\661254427 |
|
| 686 | 1 | _aХ629.34 | |
| 700 | 1 |
_aШейфер _bС. А. _f1924- _gСемен Абрамович |
|
| 801 | 0 |
_aRU _bРГБ _c20150319 _gRCR |
|
| 801 | 2 |
_aRU _bРГБ _c20150325 _grcr |
|
| 801 | 1 |
_aRU _bРГБ _c20150319 _2rusmarc |
|
| 942 | _cBOOK | ||
| 980 | _aNBR | ||